000 00736nam a2200265Ia 4500
003 OSt
005 20221007111813.0
006 a|||||r|||| 00| 0
007 ta
008 221006b |||||||| |||| 00| 0 eng d
024 _a24,329
037 _cTextual
040 _aLCO
_cLCO
_beng
041 _2eng
_aeng
082 _aX:517:(Z2), P6
100 _aDugar S.M.
_9230242
245 0 _aCommentary on MRTP Law, Competition Law and Consumper Protection Law.2V
250 _a4th
260 _aNew
_bDelhi Wadhwa and Company Nagpur India
_c2006
300 _a2303+56+56
490 _vVol.- 1II
650 _aMRTP
_9700593
942 _hX:517:(Z2), P6
_cTEXL
999 _c1193892
_d1193892